Cours complet d'économic politique pratique ... / (Record no. 164861)

MARC details
000 -LEADER
campo de control de longitud fija 00917nam a22002175i 4500
001 - NÚMERO DE CONTROL
campo de control 164861
003 - IDENTIFICADOR DE NÚMERO DE CONTROL
campo de control ES-MaACL
005 - FECHA Y HORA DE LA ÚLTIMA TRANSACCIÓN
campo de control 20251015063146.0
008 - DATOS DE LONGITUD FIJA--INFORMACIÓN GENERAL
campo de control de longitud fija 940615s1840 be |||| | fre d
040 ## - FUENTE DE CATALOGACIÓN
Centro catalogador/agencia de origen CAM
Lengua de catalogación spa
100 1# - ENTRADA PRINCIPAL--NOMBRE DE PERSONA
Nombre de persona Say, Jean Baptiste,
Fechas asociadas al nombre 1767-1832
9 (RLIN) 132518
245 10 - MENCIÓN DEL TÍTULO
Título Cours complet d'économic politique pratique ... /
Mención de responsabilidad, etc. par Jean-Baptiste Say ; seconde éd. entièrement revue par l'auter ; publiéc sur les manuscrits qu'il a laissés, et augmentée de notes, par Horace Say, son fils.
250 ## - MENCION DE EDICION
Mención de edición 2e éd. rev. et augm.
260 ## - PUBLICACIÓN, DISTRIBUCIÓN, ETC.
Lugar de publicación, distribución, etc. Bruxelles :
Nombre del editor, distribuidor, etc. Hauman et Cie,
Fecha de publicación, distribución, etc. 1840.
300 ## - DESCRIPCIÓN FÍSICA
Extensión 622 p. ;
Dimensiones 28 cm.
597 ## - NOTA DE DESCRIPCIÓN FÍSICA
NOTA DE DESCRIPCIÓN FÍSICA Texto a dos col.
650 07 - PUNTO DE ACCESO ADICIONAL DE MATERIA--TÉRMINO DE MATERIA
Término de materia o nombre geográfico como elemento de entrada Economía
Fuente del encabezamiento o término embne
9 (RLIN) 12006
700 0# - ENTRADA AGREGADA--NOMBRE PERSONAL
Nombre de persona Say, Horace.
9 (RLIN) 132517
852 ## - LOCALIZACIÓN
Ubicación ES-MaACL
Número de control de estantería G-9737
Nota libre -- Enc. hol.
Encuadernación -- Edic.: En pie de imp. consta: Bruxelles : Société Belge de Libraire, Hauman et c\pe\s; 1840
Holdings
Estatus retirado Estado de pérdida Estado de daño No para préstamo Colección Biblioteca de origen Biblioteca actual Ubicación en estantería Fecha de adquisición Fuente de adquisición Total de préstamos Signatura topográfica completa Código de barras Visto por última vez Precio de reemplazo Tipo de ítem Koha
        Libros del s. XIX Biblioteca del Ateneo de Madrid Biblioteca del Ateneo de Madrid Sala Pecera Planta 3 17/01/2008     G-9737 1172822 23/02/2023 23/02/2023 Libro impreso antiguo